| 000 | 00358nam a2200157Ia 4500 | ||
|---|---|---|---|
| 100 | _aDr.A.Alphonse | ||
| 650 | _aPhilosophy | ||
| 942 | _cBK | ||
| 366 | _f25 | ||
| 654 | _aadolescent | ||
| 245 | _aDeveloping the Adolescent Personality | ||
| 260 |
_bBetter Yourself Books _aBandra _c2001 |
||
| 082 |
_a170/ALP _bALP |
||
| 300 | _a115 | ||
| 546 | _aENGLISH | ||
| 999 |
_c20324 _d20324 |
||